000 00718nam a22002051a 4500
005 20110718133630.0
008 091005s1991 001 0 eng d
020 _c0.00
040 _aNEGST Library - Kenya
050 4 _aBS 325.K356 1999
082 0 _aBS 325.K356 1999
100 1 _aWycliffe Bible Translators.
245 1 0 _aMelepi me njambiye Jonja Mbon.
260 _aBatouri :
_bWycliff Bibelubersetzer,
_c1991.
300 _a533 p. : ill., m.
500 _a"Le Nouveau Testament en langue kako (kako-est), Cameroun et RCA." - T.p. verso. Maps on end papers. [Africana]
600 1 0 _aBible. N.T. Kako. 1999.
600 1 0 _aKako language - Texts.
852 _94.00
999 _c41879
_d41855